Surveying Improved (Record no. 113498)

MARC details
000 -LEADER
fixed length control field 01978cam a22001935a 4500
001 - CONTROL NUMBER
control field L155350
008 - FIXED-LENGTH DATA ELEMENTS--GENERAL INFORMATION
fixed length control field 120319s1762 xxk f 000 0 eng d
035 ## - SYSTEM CONTROL NUMBER
System control number (Sirsi) u155350
041 0# - LANGUAGE CODE
Language code of text/sound track or separate title eng
100 1# - MAIN ENTRY--PERSONAL NAME
Personal name Wilson, Henry
Dates associated with a name 1673-1741
245 00 - TITLE STATEMENT
Title Surveying Improved
Remainder of title or, the whole art, both in theory and practice, fully demonstrated. In four parts. .I Arithmetic, Vulgar and Decimal. II All definitions, theorems, and problems; with Plain Trigonometry, and whatsoever else is useful in the theory of surveying. III The description and use of instruments, necessary in the Practice of Surveying; particularly Gunter's Chain, the Surveying Wheel, the Theodolite, the Sector, the Circumferentor, the Protractor, the Semicircle, and the Plan-Table; which last, of all others, is esteemed universally useful in every Part of this Art. IV How to Measure, Cast up, Plot, and Divide Parcels of Land, of what Denomination, soever, viz. Meadows, Pastures, Fields, Forests, Woods, Commons, Lordships, Manors &c. by any one or more of the abovesaid instruments. Also, to take inaccessible Heights and Distances, with Surveying Counties, Roads, Rivers, &c. Likewise to reduce a Plan to a Prospect, and so correct any Survey by Astronomical Calculation: With Directions for making transparent Colours for Maps, &c. With an Appendix concerning Levelling and Conveying of Water to any possible Place assigned. The Fifth Edition, with Additions; embellished and illustrated with proper Cuts, ... By Henry Wilson, ... To which is now added, Geodoesia Accurata: or, Surveying made Easy by the Chain only. ... By William Hume, ...
260 ## - PUBLICATION, DISTRIBUTION, ETC.
Place of publication, distribution, etc. London
Name of publisher, distributor, etc. printed for T. Longman, C. Hitch and L. Hawes, J. Rivington, W. Johnston, S. Crowder and Co, and B. Law
Date of publication, distribution, etc. MDCCLXII [1762]
300 ## - PHYSICAL DESCRIPTION
Extent [12], 555, [1] p., plates
Dimensions 8o
583 ## - ACTION NOTE
Action Condition reviewed
Time/date of action 20120620
Status condition level 1
651 #4 - SUBJECT ADDED ENTRY--GEOGRAPHIC NAME
Geographic name Great Britain
Chronological subdivision 1707-
690 ## - LOCAL SUBJECT ADDED ENTRY--TOPICAL TERM (OCLC, RLIN)
Topical term or geographic name as entry element Measurement
9 (RLIN) 6256
700 1# - ADDED ENTRY--PERSONAL NAME
Personal name Hume, William
942 ## - ADDED ENTRY ELEMENTS (KOHA)
Suppress in OPAC 0
Holdings
Withdrawn status Lost status Source of classification or shelving scheme Damaged status Not for loan Home library Current library Shelving location Date acquired Total Checkouts Full call number Barcode Date last seen Copy number Price effective from Koha item type
    Dewey Decimal Classification     Historic collection Historic collection Historic collection 19/03/2012   OCTAVO 1762 WILSON 30075982 06/08/2019 1 06/08/2019 Book